Online
Catalog

¿Por qué no lo mejor? / (Record no. 22359)

MARC details
000 -CABECERA
campo de control de longitud fija 00637nam a2200205 a 4500
001 - NÚMERO DE CONTROL
campo de control 000022862
005 - FECHA Y HORA DE LA ÚLTIMA TRANSACCIÓN
campo de control 20200930021837.0
008 - DATOS DE LONGITUD FIJA--INFORMACIÓN GENERAL
campo de control de longitud fija 101119s1977 xxuc r 000 0 spa d
020 ## - NÚMERO INTERNACIONAL ESTÁNDAR DEL LIBRO
Número Internacional Estándar del Libro 0311010687
040 ## - FUENTE DE LA CATALOGACIÓN
Centro catalogador/agencia de origen DO-SdBNP
Lengua de catalogación spa
Centro/agencia transcriptor BNPHU
082 ## - NÚMERO DE LA CLASIFICACIÓN DECIMAL DEWEY
Número de clasificación xxx
Número de documento/Ítem C323p
049 ## - FONDOS LOCALES (OCLC)
Fondos de biblioteca BNGR
100 1# - ENTRADA PRINCIPAL--NOMBRE DE PERSONA
Nombre de persona Carter, Jimmy
9 (RLIN) 42958
245 10 - MENCIÓN DE TÍTULO
Título ¿Por qué no lo mejor? /
Mención de responsabilidad, etc. Jimmy Carter ;Edición José Tomás Poe ; traducción Tito Fafasuli.
260 ## - PUBLICACIÓN, DISTRIBUCIÓN, ETC.
Lugar de publicación, distribución, etc. [s. l.] :
Nombre del editor, distribuidor, etc. Mundo Hispano,
Fecha de publicación, distribución, etc. 1977.
300 ## - DESCRIPCIÓN FÍSICA
Extensión 154 p. :
Otras características físicas retrs. ;
Dimensiones 18 cm.
534 ## - NOTA SOBRE LA VERSIÓN ORIGINAL
Encabezamiento principal del original Whu not the best?
700 1# - PUNTO DE ACCESO ADICIONAL--NOMBRE DE PERSONA
Nombre de persona Poe, José Tomás,
Término indicativo de función/relación tr.
9 (RLIN) 46989
700 1# - PUNTO DE ACCESO ADICIONAL--NOMBRE DE PERSONA
Nombre de persona Fafasuli, Tito,
Término indicativo de función/relación tr.
9 (RLIN) 46990
Holdings
Estado de retiro Estado de pérdida Restricciones de uso No para préstamo Código de colección Localización permanente Ubicación/localización actual Ubicación en estantería Fecha de adquisición Número de inventario Total de préstamos Signatura topográfica completa Código de barras Fecha visto por última vez Precio válido a partir de Tipo de ítem Koha Número de copia
        Monografías: Libros y Folletos General General En catalogación 19.11.2010 LF1   xxx C323p 22862-10 25.06.2020 25.06.2020 Préstamo en sala  
      Préstamo restrigido Monografías: Libros y Folletos General General En catalogación 10.02.2011 LF1   xxx C323p 22862-20 25.06.2020 25.06.2020 Préstamo en sala e.2

Powered by Koha